[Event "Landesliga U20 Sued 1011"]
[Site "Bayern"]
[Date "2011.01.22"]
[Round "4.2"]
[White "Scholz, Marc"]
[Black "Stemp, Johannes"]
[Result "1/2-1/2"]
[WhiteElo "1514"]
[BlackElo "1565"]
[PlyCount "38"]
[EventDate "2010.10.16"]
[EventType "team-tourn"]
[EventRounds "7"]
[EventCountry "GER"]
[SourceTitle "EXT 2022"]
[Source "ChessBase"]
[SourceDate "2021.10.06"]
[SourceVersion "1"]
[SourceVersionDate "2021.10.06"]
[SourceQuality "1"]
[WhiteTeam "Muenchen Tarrasch U20"]
[BlackTeam "Schaibing U20"]
[WhiteTeamCountry "GER"]
[BlackTeamCountry "GER"]

1. d4 d5 2. Nc3 e6 3. e4 dxe4 4. Nxe4 Nc6 5. Nf3 Qd5 6. Nc3 Bb4 7. Bd2 Bxc3 8. Bxc3 Nge7 9. Ne5 f6 10. Nxc6 Nxc6 11. Qd3 0-0 12. Qc4 a6 13. Qxd5 exd5 14. 0-0-0 Bf5 15. h3 Rfe8 16. Bd3 Bxd3 17. Rxd3 Re2 18. Rf1 Rae8 19. Kd1 Kf7 1/2-1/2